[Event "Brandenburg Seniors op 14th"]
[Site "Rowy"]
[Date "2005.06.27"]
[Round "7"]
[White "Kot, Jerzy"]
[Black "Wilke, Dieter"]
[Result "1/2-1/2"]
[WhiteElo "2271"]
[BlackElo "2137"]
[PlyCount "126"]
[EventDate "2005.06.20"]
[EventType "swiss"]
[EventRounds "9"]
[EventCountry "POL"]
[SourceTitle "EXT 2007"]
[Source "ChessBase"]
[SourceDate "2006.11.23"]
[SourceVersion "1"]
[SourceVersionDate "2006.11.23"]
[SourceQuality "1"]

1. e4 c5 2. d4 cxd4 3. c3 dxc3 4. Nxc3 Nc6 5. Nf3 e6 6. Bc4 d6 7. 0-0 Be7 8. Qe2 a6 9. Rd1 Qc7 10. Bf4 Nf6 11. e5 Nh5 12. exd6 Nxf4 13. dxc7 Nxe2+ 14. Bxe2 Bd7 15. Na4 Rc8 16. Nb6 Rxc7 17. Rac1 f6 18. Nd4 e5 19. Nb3 Be6 20. Na5 Kf7 21. b3 Rd8 22. Nxb7 Rxd1+ 23. Bxd1 Rxb7 24. Rxc6 Bd8 25. Nc4 Bxc4 26. Rxc4 Rd7 27. Bc2 a5 28. b4 axb4 29. Rxb4 g6 30. g4 Rd4 31. Rb7+ Ke6 32. h3 Rd7 33. Rb5 Ra7 34. Kg2 Kd6 35. Bb3 Ra5 36. Rb4 Ra7 37. Rc4 Bc7 38. Rc1 Ra5 39. Rc2 Ra8 40. Rd2+ Ke7 41. a4 Rb8 42. Bc4 Rd8 43. Rc2 Bb6 44. Bb5 Ba5 45. Rc5 Rd6 46. Rc4 Rd2 47. Rc6 Rd6 48. Rc2 Rd2 49. Rxd2 Bxd2 50. Kf3 Be1 51. Ke2 Ba5 52. Kd3 Kd6 53. Ke4 Bb4 54. Bc4 Ba5 55. Bg8 g5 56. Kf5 Ke7 57. Bxh7 Bd8 58. Bg8 Ba5 59. Bc4 Bc3 60. Kg6 Be1 61. f3 Bb4 62. Kh5 Be1 63. Bd3 Ke6 1/2-1/2

[Event "Brandenburg Seniors op 14th"]
[Site "Rowy"]
[Date "2005.06.21"]
[Round "2"]
[White "Wilke, Dieter"]
[Black "Lachmirowicz, Maciej"]
[Result "1/2-1/2"]
[WhiteElo "2137"]
[BlackElo "1917"]
[PlyCount "78"]
[EventDate "2005.06.20"]
[EventType "swiss"]
[EventRounds "9"]
[EventCountry "POL"]
[SourceTitle "EXT 2007"]
[Source "ChessBase"]
[SourceDate "2006.11.23"]
[SourceVersion "1"]
[SourceVersionDate "2006.11.23"]
[SourceQuality "1"]

1. d4 Nf6 2. Nf3 g6 3. g3 Bg7 4. Bg2 0-0 5. 0-0 d5 6. c4 c6 7. Qb3 dxc4 8. Qxc4 Nbd7 9. Qc2 Nb6 10. Nc3 Bg4 11. Rd1 Qc8 12. Ne5 Bh3 13. Bh1 Ng4 14. Nf3 h6 15. e4 Rd8 16. Bg2 Nf6 17. Be3 Qg4 18. Ne5 Qh5 19. Bf3 Bg4 20. Nxg4 Nxg4 21. Bxg4 Qxg4 22. f4 Rd7 23. Rd3 Rad8 24. Rad1 h5 25. b3 h4 26. Qe2 Qxe2 27. Nxe2 hxg3 28. hxg3 f6 29. R3d2 Kf7 30. Kg2 e6 31. Nc1 Rh8 32. Nd3 f5 33. Nc5 Re7 34. a4 fxe4 35. Nxe4 Nd5 36. Bf2 Bf6 37. Re1 Rd7 38. Rde2 Be7 39. Kf3 a6 1/2-1/2

[Event "GER-chA Seniors 16th"]
[Site "Templin"]
[Date "2004.09.12"]
[Round "9"]
[White "Wilke, Dieter"]
[Black "Hoppensack, Manfred"]
[Result "0-1"]
[WhiteElo "1998"]
[BlackElo "1948"]
[PlyCount "94"]
[EventDate "2004.09.04"]
[EventType "swiss"]
[EventRounds "9"]
[EventCountry "GER"]
[SourceTitle "EXT 2005"]
[Source "ChessBase"]
[SourceDate "2004.11.15"]
[SourceVersion "1"]
[SourceVersionDate "2004.11.15"]
[SourceQuality "1"]

1. d4 Nf6 2. Nf3 e6 3. c4 Bb4+ 4. Bd2 Qe7 5. e3 Ne4 6. Bd3 Nxd2 7. Nbxd2 Bxd2+ 8. Qxd2 b6 9. 0-0 Bb7 10. e4 d6 11. Qc3 Nd7 12. b4 0-0 13. Rac1 e5 14. dxe5 Nxe5 15. Nxe5 Qxe5 16. Qxe5 dxe5 17. c5 Rad8 18. c6 Bc8 19. Rfd1 Rd6 20. Be2 Rfd8 21. Rxd6 Rxd6 22. Rd1 Rxd1+ 23. Bxd1 Be6 24. a4 a5 25. b5 Kf8 26. Kf1 Ke7 27. Ke2 Bc4+ 28. Kd2 Kd6 29. Kc3 Kc5 30. h4 Bf1 31. g3 Bg2 32. f3 h6 33. Be2 g6 34. Bd1 f6 35. Be2 h5 36. Bd1 g5 37. Be2 Bh3 38. Bc4 Bg2 39. Be2 Bh1 40. Bd1 Bg2 41. Be2 Kd6 42. Kd3 Bh3 43. Kc4 Be6+ 44. Kc3 Kc5 45. Bd1 Bc4 46. Kd2 Kb4 47. Ke3 gxh4 0-1

[Event "GER-chA Seniors 16th"]
[Site "Templin"]
[Date "2004.09.11"]
[Round "8"]
[White "Fronczek, Heinrich"]
[Black "Wilke, Dieter"]
[Result "1/2-1/2"]
[WhiteElo "2251"]
[BlackElo "2135"]
[PlyCount "79"]
[EventDate "2004.09.04"]
[EventType "swiss"]
[EventRounds "9"]
[EventCountry "GER"]
[SourceTitle "EXT 2005"]
[Source "ChessBase"]
[SourceDate "2004.11.15"]
[SourceVersion "1"]
[SourceVersionDate "2004.11.15"]
[SourceQuality "1"]

1. d4 Nf6 2. c4 e6 3. Nf3 d5 4. Nc3 Be7 5. Bg5 Nbd7 6. e3 c6 7. Rc1 0-0 8. Qc2 a6 9. a3 dxc4 10. Bxc4 Nd5 11. Bxe7 Qxe7 12. 0-0 Nxc3 13. Qxc3 b5 14. Ba2 Bb7 15. Bb1 Rfc8 16. b4 a5 17. bxa5 Qd8 18. Qd3 g6 19. Rc3 Rxa5 20. Rfc1 Rca8 21. Ne1 Qe7 22. Nc2 Nb6 23. Nb4 Nc4 24. Ba2 Rxa3 25. Bxc4 Qxb4 26. Bb3 Ra1 27. h4 R8a3 28. Rxa1 Rxa1+ 29. Kh2 Ra3 30. e4 c5 31. dxc5 Bxe4 32. Qg3 Bd5 33. c6 Bxc6 34. Rxc6 Rxb3 35. Rc8+ Kg7 36. Qe5+ Kh6 37. Qg5+ Kg7 38. Qe5+ Kh6 39. Qg5+ Kg7 40. Qe5+ 1/2-1/2

[Event "GER-chA Seniors 16th"]
[Site "Templin"]
[Date "2004.09.07"]
[Round "4"]
[White "Budt, Karl Heinz"]
[Black "Wilke, Dieter"]
[Result "1-0"]
[WhiteElo "2023"]
[BlackElo "2135"]
[PlyCount "93"]
[EventDate "2004.09.04"]
[EventType "swiss"]
[EventRounds "9"]
[EventCountry "GER"]
[SourceTitle "EXT 2005"]
[Source "ChessBase"]
[SourceDate "2004.11.15"]
[SourceVersion "1"]
[SourceVersionDate "2004.11.15"]
[SourceQuality "1"]

1. d4 Nf6 2. Nf3 g6 3. c4 Bg7 4. Nc3 0-0 5. e4 d6 6. Be2 e5 7. d5 Nbd7 8. Bg5 h6 9. Bh4 a5 10. Nd2 Nc5 11. f3 g5 12. Bf2 h5 13. g4 h4 14. h3 Bd7 15. Be3 Nh7 16. 0-0 Re8 17. b3 Nf8 18. a3 Ng6 19. b4 axb4 20. axb4 Na6 21. b5 Nc5 22. Rxa8 Qxa8 23. Bxg5 Qa5 24. Qc2 Nf4 25. Kh2 Ng6 26. Rb1 Kh7 27. Be3 Nf4 28. Bxc5 Nxe2 29. Nxe2 dxc5 30. Nc3 Qb6 31. Ra1 Qf6 32. Kg2 b6 33. Ra7 Rc8 34. Qd3 Bf8 35. Ne2 Bd6 36. f4 Qg6 37. f5 Qh6 38. Nf3 f6 39. Qd2 Qxd2 40. Nxd2 Rh8 41. Nf3 Kg7 42. Nc3 Kf7 43. Nd1 Ke7 44. Ne3 Kd8 45. Ra8+ Bc8 46. Kg1 Bf8 47. g5 1-0

[Event "GER-chA Seniors 16th"]
[Site "Templin"]
[Date "2004.09.04"]
[Round "1"]
[White "Wilke, Dieter"]
[Black "Kraemer, Franz Josef"]
[Result "1-0"]
[WhiteElo "1998"]
[BlackElo "1757"]
[PlyCount "49"]
[EventDate "2004.09.04"]
[EventType "swiss"]
[EventRounds "9"]
[EventCountry "GER"]
[SourceTitle "EXT 2005"]
[Source "ChessBase"]
[SourceDate "2004.11.15"]
[SourceVersion "1"]
[SourceVersionDate "2004.11.15"]
[SourceQuality "1"]

1. d4 f5 2. c4 Nf6 3. Nc3 d5 4. cxd5 Nxd5 5. e4 Nxc3 6. bxc3 g6 7. exf5 Bxf5 8. Qb3 Qc8 9. Bc4 e6 10. Nf3 Be7 11. Bh6 c6 12. a4 Bf8 13. Bxf8 Kxf8 14. 0-0 Na6 15. Rfe1 Nc7 16. Ng5 Nd5 17. Qa3+ c5 18. Re5 Qc6 19. Rb1 Rd8 20. Nxe6+ Bxe6 21. Rxe6 Rd6 22. Bxd5 Qxd5 23. Re5 Qc6 24. Rxc5 Qd7 25. Rd5 1-0

[Event "Brandenburg Seniors op 13th"]
[Site "Rowy"]
[Date "2004.06.25"]
[Round "4"]
[White "Wilke, Dieter"]
[Black "Fiedler, Wolfgang2222"]
[Result "1-0"]
[WhiteElo "2135"]
[BlackElo "1791"]
[PlyCount "29"]
[EventDate "2004.06.21"]
[EventType "swiss"]
[EventRounds "9"]
[EventCountry "POL"]
[SourceTitle "EXT 2006"]
[Source "ChessBase"]
[SourceDate "2005.11.24"]
[SourceVersion "1"]
[SourceVersionDate "2005.11.24"]
[SourceQuality "1"]

1. d4 Nf6 2. Nf3 g6 3. c4 c5 4. g3 cxd4 5. Nxd4 Nc6 6. Bg2 Bg7 7. 0-0 0-0 8. Nc3 Ne4 9. Nxc6 Nxc3 10. Nxe7+ Qxe7 11. bxc3 Bxc3 12. Rb1 Re8 13. Rb3 Bg7 14. Bxb7 Qxe2 15. Qxe2 1-0

[Event "GER-chT Seniors 12th"]
[Site "Finsterbergen"]
[Date "2003.08.11"]
[Round "2.2"]
[White "Wilke, Dieter"]
[Black "Mann, Klaus Dieter"]
[Result "1/2-1/2"]
[WhiteElo "2132"]
[BlackElo "2098"]
[PlyCount "68"]
[EventDate "2003.08.10"]
[EventType "team"]
[EventRounds "7"]
[EventCountry "GER"]
[SourceTitle "EXT 2012"]
[Source "ChessBase"]
[SourceDate "2011.11.24"]
[SourceVersion "1"]
[SourceVersionDate "2011.11.24"]
[SourceQuality "1"]
[WhiteTeam "Berlin II"]
[BlackTeam "Niedersachsen II"]
[WhiteTeamCountry "GER"]
[BlackTeamCountry "GER"]

1. d4 Nf6 2. Nf3 g6 3. g3 Bg7 4. Bg2 d6 5. 0-0 0-0 6. Nc3 c6 7. e4 Nbd7 8. e5 Ne8 9. Qe2 Nc7 10. exd6 exd6 11. Bg5 Bf6 12. Bh6 Bg7 13. Bxg7 Kxg7 14. Rfe1 Ne6 15. b3 Re8 16. Qd2 Ndf8 17. Nd1 Bd7 18. c4 Nc7 19. Rxe8 Qxe8 20. Nc3 Be6 21. Re1 Qd8 22. c5 f6 23. b4 Qd7 24. a4 Re8 25. Bf1 a6 26. Qb2 Bf7 27. b5 Rxe1 28. Nxe1 axb5 29. axb5 Be8 30. bxc6 bxc6 31. Qb8 Nce6 32. Nf3 Qd8 33. Qb7+ Qc7 34. Qb6 Nd7 1/2-1/2

[Event "Seefeld op 12th"]
[Site "Seefeld"]
[Date "2001.09.20"]
[Round "6"]
[White "Wilke, Dieter"]
[Black "Schnitzspan, Lothar"]
[Result "0-1"]
[WhiteElo "2126"]
[BlackElo "2341"]
[PlyCount "90"]
[EventDate "2001.09.15"]
[EventType "swiss"]
[EventRounds "9"]
[EventCountry "AUT"]
[SourceTitle "EXT 2002"]
[Source "ChessBase"]
[SourceDate "2001.11.25"]
[SourceVersion "1"]
[SourceVersionDate "2001.11.25"]
[SourceQuality "1"]

1. Nf3 Nf6 2. c4 g6 3. g3 Bg7 4. Bg2 0-0 5. 0-0 d5 6. cxd5 Nxd5 7. d4 Nb6 8. Nc3 Nc6 9. e3 Re8 10. Qe2 a5 11. Rd1 a4 12. Ne5 Na5 13. e4 f6 14. Nf3 Bd7 15. d5 Qc8 16. Nd4 Nac4 17. Rb1 Ne5 18. Bf4 Nbc4 19. b3 axb3 20. axb3 Nd6 21. Ra1 Ndf7 22. f3 Rxa1 23. Rxa1 f5 24. exf5 gxf5 25. Qd2 c5 26. dxc6 Nxc6 27. Nxc6 Bxc6 28. Rc1 Qe6 29. b4 Qb3 30. b5 Bxc3 31. Rxc3 Qxb5 32. Bf1 Qd5 33. Rd3 Qc5+ 34. Be3 Qe5 35. Bd4 Qc7 36. f4 Rd8 37. Qb2 Rd6 38. Bb6 Qd7 39. Ra3 h6 40. Ra8+ Kh7 41. Rf8 Qe6 42. Bd4 Rd8 43. Qe2 Qd5 44. Rxd8 Qh1+ 45. Kf2 Qxh2+ 0-1

[Event "GER-chT Seniors 09th"]
[Site "Halle"]
[Date "2000.08.24"]
[Round "5.4"]
[White "Wilke, Dieter"]
[Black "Randt, Karl Heinz"]
[Result "1-0"]
[WhiteElo "2050"]
[BlackElo "1840"]
[PlyCount "83"]
[EventDate "2000.08.20"]
[EventType "team"]
[EventRounds "7"]
[EventCountry "GER"]
[SourceTitle "EXT 2002"]
[Source "ChessBase"]
[SourceDate "2001.11.25"]
[SourceVersion "1"]
[SourceVersionDate "2001.11.25"]
[SourceQuality "1"]

1. d4 d5 2. Nf3 Nf6 3. c4 e6 4. g3 Be7 5. Bg2 0-0 6. 0-0 Nbd7 7. Nc3 dxc4 8. e4 c6 9. a4 Bb4 10. Qe2 Bxc3 11. bxc3 b5 12. g4 g6 13. g5 Nh5 14. e5 Bb7 15. Qe4 Qc7 16. Nd2 Rab8 17. Qh4 c5 18. Bxb7 Rxb7 19. axb5 cxd4 20. cxd4 Rxb5 21. Ba3 Rc8 22. Ne4 Rb3 23. Rfc1 Qc6 24. Qg4 c3 25. Bc5 a6 26. Rc2 Rcb8 27. Rac1 Ng7 28. Bd6 Rc8 29. Nxc3 Qb7 30. Qe4 Nf5 31. Qxb7 Rxb7 32. Ne4 Rxc2 33. Rxc2 Nxd6 34. exd6 Nb6 35. Nf6+ Kf8 36. Nxh7+ Ke8 37. Nf6+ Kd8 38. Ne4 Nd5 39. Nc5 Ra7 40. Rb2 Ke8 41. d7+ Ke7 42. Rb8 1-0

[Event "Bayern-ch Seniors 12th"]
[Site "Schloss Schney"]
[Date "2000.??.??"]
[Round "2"]
[White "Walther, Diethelm"]
[Black "Wilke, Dieter"]
[Result "1-0"]
[WhiteElo "2067"]
[BlackElo "2001"]
[PlyCount "88"]
[EventDate "2000.11.02"]
[EventType "swiss"]
[EventRounds "9"]
[EventCountry "GER"]
[SourceTitle "EXT 2002"]
[Source "ChessBase"]
[SourceDate "2001.11.25"]
[SourceVersion "1"]
[SourceVersionDate "2001.11.25"]
[SourceQuality "1"]

1. d4 Nf6 2. Bg5 g6 3. Nc3 Bg7 4. e4 h6 5. Bxf6 Bxf6 6. f4 d6 7. Bc4 0-0 8. Nf3 c5 9. Nd5 Bg7 10. c3 cxd4 11. Nxd4 Nc6 12. Nf3 Re8 13. 0-0 e6 14. Ne3 Qb6 15. Qd2 d5 16. Bd3 dxe4 17. Bxe4 e5 18. Bxc6 bxc6 19. Nxe5 Bxe5 20. fxe5 Rxe5 21. Rae1 Ba6 22. Rf3 Rae8 23. b3 f5 24. Kf2 Rd8 25. Qc1 Rde8 26. c4 Qd4 27. Rd1 Qh4+ 28. Kg1 f4 29. g3 Qh3 30. Nf1 Re2 31. Rf2 f3 32. Rd2 Bc8 33. Qc3 Bg4 34. Qd3 Kh7 35. Qd4 Qh5 36. Qxa7+ R8e7 37. Qd4 c5 38. Qf4 R2e4 39. Qd6 R4e6 40. Qd3 Re5 41. h3 Bxh3 42. Qxf3 Bg4 43. Qf8 g5 44. Rd8 Rg7 1-0

[Event "Bayern-ch Seniors 12th"]
[Site "Schloss Schney"]
[Date "2000.??.??"]
[Round "7"]
[White "Wilke, Dieter"]
[Black "Franz, Siegfried"]
[Result "1/2-1/2"]
[WhiteElo "2001"]
[BlackElo "1835"]
[PlyCount "52"]
[EventDate "2000.11.02"]
[EventType "swiss"]
[EventRounds "9"]
[EventCountry "GER"]
[SourceTitle "EXT 2002"]
[Source "ChessBase"]
[SourceDate "2001.11.25"]
[SourceVersion "1"]
[SourceVersionDate "2001.11.25"]
[SourceQuality "1"]

1. d4 Nf6 2. Bg5 e6 3. e3 Be7 4. Nf3 h6 5. Bh4 c5 6. dxc5 Qa5+ 7. Nbd2 Qxc5 8. Nb3 Qb6 9. Bd3 Nc6 10. 0-0 d5 11. c4 dxc4 12. Bxc4 0-0 13. Nfd4 Rd8 14. Qe2 Bd7 15. Nxc6 Qxc6 16. Rac1 a6 17. Nd4 Qb6 18. Rfd1 Rac8 19. e4 Kf8 20. h3 Ba4 21. Nb3 Qb4 22. Rxd8+ Rxd8 23. a3 Qb6 24. Rc3 Bc6 25. Bd3 a5 26. Nc1 Rd7 1/2-1/2